Idiomas mais aprendidos no Duolingo - Statistics

Estatísticas Gerais
  • Esse quiz foi jogado 183 vezes
  • A pontuação média é 7 de 8
Estatísticas das Respostas
Número de países Idioma % Correto
120 Inglês
100%
34 Espanhol
99%
22 Francês
99%
5 Japonês
90%
1 Italiano
87%
8 Alemão
85%
1 Chinês
73%
1 Coreano
68%
Nenhum quiz correspondente encontrado
Distribuição das Pontuações
Porcentagem de Pessoas com Cada Pontuação
Percentil de Números Respondidos
Sua Pontuação Histórica
Você não jogou esse quiz